000 00856nam a22002537a 4500
001 3812
003 FISKH
005 20240529085229.0
008 240510b cb ||||| |||| 00| 0 eng d
020 _a9780439244190
040 _aFISK
_beng
_cFISK
_dFISK
050 _aPZ7.S1185
082 _a813.54
100 _aSachar Louis
_d1954-
245 _aHoles /
_cLouis Sachar
260 _aNew York :
_bScholastic,
_c2000
300 _a233 pages :
_c20 cm
504 _aM
520 _aAs further evidence of his family's bad fortune which they attribute to a curse on a distant relative, Stanley Yelnats is sent to a hellish correctional camp in the Texas desert where he finds his first real friend, a treasure, and a new sense of himself.
521 8 _a660
_bLexiles
700 _aLouis Sachar
942 _2ddc
_cBK
_n0
999 _c3812
_d3812